An Introduction to Social Psychology (Record no. 134305)
[ view plain ]
| 000 -LEADER | |
|---|---|
| fixed length control field | 00515nam a22001937a 4500 |
| 003 - CONTROL NUMBER IDENTIFIER | |
| control field | OSt |
| 005 - DATE AND TIME OF LATEST TRANSACTION | |
| control field | 20220511093742.0 |
| 008 - FIXED-LENGTH DATA ELEMENTS--GENERAL INFORMATION | |
| fixed length control field | 220510b |||||||| |||| 00| 0 eng d |
| 020 ## - INTERNATIONAL STANDARD BOOK NUMBER | |
| International Standard Book Number | 978-93-864-4683-1 |
| 040 ## - CATALOGING SOURCE | |
| Transcribing agency | SBCL |
| 082 ## - DEWEY DECIMAL CLASSIFICATION NUMBER | |
| Classification number | 302 |
| Item number | SHE-I |
| 100 ## - MAIN ENTRY--PERSONAL NAME | |
| Personal name | Shetgovekar,Suhas |
| 245 ## - TITLE STATEMENT | |
| Title | An Introduction to Social Psychology |
| 260 ## - PUBLICATION, DISTRIBUTION, ETC. | |
| Place of publication, distribution, etc. | New Delhi |
| Name of publisher, distributor, etc. | Sage Publication India Pvt. Ltd. |
| Date of publication, distribution, etc. | 2018 |
| 300 ## - PHYSICAL DESCRIPTION | |
| Extent | 294p. |
| 630 ## - SUBJECT ADDED ENTRY--UNIFORM TITLE | |
| General subdivision | General Stack |
| 650 ## - SUBJECT ADDED ENTRY--TOPICAL TERM | |
| Topical term or geographic name entry element | Social interaction |
| 942 ## - ADDED ENTRY ELEMENTS (KOHA) | |
| Koha item type | BOOK |
| 650 ## - SUBJECT ADDED ENTRY--TOPICAL TERM | |
| Source of heading or term | Social sciences |
| Withdrawn status | Lost status | Source of classification or shelving scheme | Damaged status | Not for loan | Home library | Current library | Date acquired | Total Checkouts | Full call number | Barcode | Date last seen | Price effective from | Koha item type |
|---|---|---|---|---|---|---|---|---|---|---|---|---|---|
| Dewey Decimal Classification | SB LIBRARY | SB LIBRARY | 10/05/2022 | 302 SHE-I | 00141807 | 10/05/2022 | 10/05/2022 | BOOK |